| 000 | 00389nam a2200133 a 4500 | ||
|---|---|---|---|
| 005 | 20140414093847.0 | ||
| 008 | 100223s19uu xx 00 eng d | ||
| 050 |
_aCDB 428.40 _bMAS 2006 |
||
| 245 |
_aMaster the SAT : _b2007. |
||
| 650 |
_aEnglish language _xExaminations, equations, etc. |
||
| 650 |
_aEnglish language _xtextbooks for foreign speakers. |
||
| 942 | _cAVM | ||
| 999 |
_c109648 _d109648 |
||